Normal view MARC view

Entry Personal Name

Number of records used in: 1

001 - CONTROL NUMBER

  • control field: 7684

003 - CONTROL NUMBER IDENTIFIER

  • control field: OSt

005 - DATE AND TIME OF LATEST TRANSACTION

  • control field: 20211028144213.0

008 - FIXED-LENGTH DATA ELEMENTS

  • fixed length control field: 211028|| aca||aabn | a|a d

040 ## - CATALOGING SOURCE

  • Original cataloging agency: OSt
  • Transcribing agency: OSt

100 ## - HEADING--PERSONAL NAME

  • Personal name: Gonsalves, Prinith Veena ; Pereira, Divya.
  • Miscellaneous information: 1516109

670 ## - SOURCE DATA FOUND

  • Source citation: Work cat.: (OSt): Gonsalves, Prinith Veena ; Pereira, Divya. 1516109, Competency mapping: a study with reference to big bazzar Attavaar Mangalore., 2017